<?xml version="1.0" encoding="UTF-8"?>
<collection xmlns:xsi="http://www.w3.org/2001/XMLSchema-instance" xsi:schemaLocation="http://www.loc.gov/MARC21/slim http://www.loc.gov/standards/marcxml/schema/MARC21slim.xsd" xmlns="http://www.loc.gov/MARC21/slim">
 <record>
  <leader>00000caa a22000003i 4500</leader>
  <controlfield tag="001">UP-1685594773862217618</controlfield>
  <controlfield tag="003">Buklod</controlfield>
  <controlfield tag="005">20201105132812.0</controlfield>
  <controlfield tag="006">m     |  |        </controlfield>
  <controlfield tag="007">ta</controlfield>
  <controlfield tag="008">201105s1991    xx      r    |000 0|eng d</controlfield>
  <datafield tag="022" ind1=" " ind2=" ">
   <subfield code="a">00317837</subfield>
  </datafield>
  <datafield tag="035" ind1=" " ind2=" ">
   <subfield code="a">(iLib)UPBAG-00038406214</subfield>
  </datafield>
  <datafield tag="040" ind1=" " ind2=" ">
   <subfield code="a">BAG</subfield>
   <subfield code="e">rda</subfield>
  </datafield>
  <datafield tag="041" ind1="0" ind2=" ">
   <subfield code="a">eng</subfield>
  </datafield>
  <datafield tag="090" ind1=" " ind2="0">
   <subfield code="a">ARTICLE-996</subfield>
  </datafield>
  <datafield tag="100" ind1="1" ind2=" ">
   <subfield code="a">Fernandez, Doreen G.</subfield>
   <subfield code="e">author.</subfield>
  </datafield>
  <datafield tag="245" ind1="1" ind2="0">
   <subfield code="a">Beyond sans rival</subfield>
   <subfield code="b">French influence on Philippine gastronomy</subfield>
   <subfield code="c">Doreen G. Fernandez.</subfield>
  </datafield>
  <datafield tag="264" ind1=" " ind2="1">
   <subfield code="c">1991.</subfield>
  </datafield>
  <datafield tag="300" ind1=" " ind2=" ">
   <subfield code="a">pages 104-112</subfield>
   <subfield code="c">23 cm</subfield>
  </datafield>
  <datafield tag="336" ind1=" " ind2=" ">
   <subfield code="a">text</subfield>
   <subfield code="2">rdacontent</subfield>
  </datafield>
  <datafield tag="337" ind1=" " ind2=" ">
   <subfield code="a">unmediated</subfield>
   <subfield code="2">rdamedia</subfield>
  </datafield>
  <datafield tag="338" ind1=" " ind2=" ">
   <subfield code="a">volume</subfield>
   <subfield code="2">rdacarrier</subfield>
  </datafield>
  <datafield tag="504" ind1=" " ind2=" ">
   <subfield code="a">Includes bibliographical references.</subfield>
  </datafield>
  <datafield tag="650" ind1=" " ind2="0">
   <subfield code="a">Gastronomy</subfield>
   <subfield code="z">Philippines</subfield>
   <subfield code="x">French influences.</subfield>
  </datafield>
  <datafield tag="650" ind1=" " ind2="0">
   <subfield code="a">Gourmets</subfield>
   <subfield code="z">Philippines</subfield>
   <subfield code="x">French influences.</subfield>
  </datafield>
  <datafield tag="650" ind1=" " ind2="0">
   <subfield code="a">Cooking, Filipino</subfield>
   <subfield code="x">French influences.</subfield>
  </datafield>
  <datafield tag="773" ind1="0" ind2=" ">
   <subfield code="t">Philippine Studies</subfield>
   <subfield code="g">Vol. 39, no. 1 (First Quarter 1991), p. 104-112.</subfield>
  </datafield>
  <datafield tag="856" ind1="4" ind2="0">
   <subfield code="a">Request full-text access via UPB University Library through</subfield>
   <subfield code="u">https://forms.gle/KZjBv7aRtY6jiL5E9</subfield>
  </datafield>
  <datafield tag="856" ind1="4" ind2="0">
   <subfield code="z">(viewed 20 October 2020)</subfield>
  </datafield>
  <datafield tag="905" ind1=" " ind2=" ">
   <subfield code="a">FI</subfield>
  </datafield>
  <datafield tag="852" ind1="0" ind2=" ">
   <subfield code="a">UPBAG</subfield>
   <subfield code="b">UPBAG-MAIN</subfield>
   <subfield code="h">ARTICLE-996</subfield>
  </datafield>
  <datafield tag="942" ind1=" " ind2=" ">
   <subfield code="a">Analytics</subfield>
  </datafield>
 </record>
</collection>
